| 000 | 01322nam a2200253Ia 4500 | ||
|---|---|---|---|
| 999 |
_c50611 _d50611 |
||
| 001 | 17561 | ||
| 003 | GE_BSU | ||
| 005 | 20221202134510.0 | ||
| 008 | 181216s1961ge xx |||||||||||||| ||geo|| | ||
| 040 | _cGE_BSU | ||
| 041 | _ageo | ||
| 080 | _a821.161.1 + 821.161.1-32 ჩ-54 | ||
| 100 |
_aჩეხოვი, ა.პ. _916317 |
||
| 245 |
_aთხზულებანი სამ ტომად: _bტომი I:მოთხრობები, 1880-1885 / _cა.პ. ჩეხოვი, შემდგ.:ნ.შველიძე;დემნა შენგელაიას წინასიტყვაობით; რედ.:გ.ციცქიშვილი;ილ.:ჯ.ლოლუა |
||
| 264 |
_aთბილისი : _bსაბჭ.საქართველო, _c1961 |
||
| 300 |
_e427 გვ.: _a22 სმ. _b7ფ.ილ.დაპორტრ. |
||
| 653 | _aთხზულებანი | ||
| 653 | _aმოთხრობები | ||
| 700 |
_aშველიძე, ნ _eშემდგენელი _97630 |
||
| 700 |
_aშენგელაია, დ _eწინასიტყვაობა _94533 |
||
| 700 |
_aციცქიშვილი, გ _eრედაქტორი _97590 |
||
| 700 |
_aლოლუა, ჯ _eილუსტრატორი _916318 |
||
| 942 |
_cBK _2udc |
||